Forensic psychology: theory, research, policy and practice (Record no. 63217)
[ view plain ]
| 000 -LEADER | |
|---|---|
| fixed length control field | 01115nam a2200229 a 4500 |
| 008 - FIXED-LENGTH DATA ELEMENTS--GENERAL INFORMATION | |
| fixed length control field | 190121s2015 ||||||||||||||||| || u |
| 020 ## - INTERNATIONAL STANDARD BOOK NUMBER | |
| International Standard Book Number | 9781473911949 |
| 050 ## - LIBRARY OF CONGRESS CALL NUMBER | |
| Classification number | RA 1148 Bro |
| 100 ## - MAIN ENTRY--PERSONAL NAME | |
| Personal name | Shell, Yvonne |
| 245 10 - TITLE STATEMENT | |
| Title | Forensic psychology: theory, research, policy and practice |
| Statement of responsibility, etc. | by Jennifer Brown; Yvonne Shell and Terri Cole |
| 260 ## - PUBLICATION, DISTRIBUTION, ETC. | |
| Place of publication, distribution, etc. | London: |
| Name of publisher, distributor, etc. | SAGE Publications |
| Date of publication, distribution, etc. | 2015 |
| 300 ## - PHYSICAL DESCRIPTION | |
| Extent | xxi, 386p.: ill. |
| 350 ## - | |
| -- | 40.37 |
| 650 #7 - SUBJECT ADDED ENTRY--TOPICAL TERM | |
| Topical term or geographic name entry element | FORENSIC PSYCHOLOGY |
| Source of heading or term | fast |
| 650 ## - SUBJECT ADDED ENTRY--TOPICAL TERM | |
| Topical term or geographic name entry element | FORENSIC PSYCHOLOGY--GREAT BRITAIN |
| 650 ## - SUBJECT ADDED ENTRY--TOPICAL TERM | |
| Topical term or geographic name entry element | FORENSIC PSYCHIATRY |
| 700 ## - ADDED ENTRY--PERSONAL NAME | |
| Personal name | Cole, Terri |
| 700 ## - ADDED ENTRY--PERSONAL NAME | |
| Personal name | Brown, Jennifer |
| 995 ## - | |
| -- | MAIN LIBRARY OPEN ACCESS |
| -- | 748819 |
| -- | CBU-MAIN LIBRARY (Kitwe) |
| -- | 40.37 |
| -- | RA 1148 Bro |
| -- | 1 |
| -- | AVAILABLE |
| -- | Jan 23, 2019 |
| -- | 748819 |
| -- | Main Library Open Access Collection |
| 995 ## - | |
| -- | ANNEX COLLECTION (Main Library) |
| -- | 748821 |
| -- | CBU-MAIN LIBRARY (Kitwe) |
| -- | 40.37 |
| -- | RA 1148 Bro |
| -- | 3 |
| -- | AVAILABLE |
| -- | Jan 23, 2019 |
| -- | 748821 |
| -- | Annex Low-Usage Collection |
| 995 ## - | |
| -- | MAIN LIBRARY OPEN ACCESS |
| -- | 748820 |
| -- | CBU-MAIN LIBRARY (Kitwe) |
| -- | 40.37 |
| -- | RA 1148 Bro |
| -- | 2 |
| -- | AVAILABLE |
| -- | Jan 23, 2019 |
| -- | 748820 |
| -- | Main Library Open Access Collection |
| 999 ## - | |
| -- | 63217 |
| -- | 63217 |
| Withdrawn status | Lost status | Source of classification or shelving scheme | Damaged status | Not for loan | Permanent Location | Current Location | Shelving location | Date acquired | Total Checkouts | Full call number | Barcode | Date last seen | Price effective from | Koha item type |
|---|---|---|---|---|---|---|---|---|---|---|---|---|---|---|
| CBU-MAIN LIBRARY, KITWE. | CBU-MAIN LIBRARY, KITWE. | 12/24/2022 | RA 1148 Bro | 748819 | 12/24/2022 | 12/24/2022 | MONOGRAPH | |||||||
| CBU-MAIN LIBRARY, KITWE. | CBU-MAIN LIBRARY, KITWE. | 12/24/2022 | RA 1148 Bro | 748821 | 12/24/2022 | 12/24/2022 | MONOGRAPH | |||||||
| CBU-MAIN LIBRARY, KITWE. | CBU-MAIN LIBRARY, KITWE. | 12/24/2022 | RA 1148 Bro | 748820 | 12/24/2022 | 12/24/2022 | MONOGRAPH |